Feasibility of modified starch as bio-fertilizer in natural rubber compounds (Record no. 51366)

MARC details
000 -LEADER
fixed length control field 00484nam a2200193Ia 4500
100 ## - MAIN ENTRY--AUTHOR NAME
Personal name Joseph J
245 #0 - TITLE STATEMENT
Title Feasibility of modified starch as bio-fertilizer in natural rubber compounds
260 ## - PUBLICATION, DISTRIBUTION, ETC. (IMPRINT)
Name of publisher Rubber Science
Year of publication 2016
300 ## - PHYSICAL DESCRIPTION
Number of Pages 207-214
650 ## - SUBJECT ADDED ENTRY--TOPICAL TERM
Topical Term Bio-filler
650 ## - SUBJECT ADDED ENTRY--TOPICAL TERM
Topical Term Carbon black
650 ## - SUBJECT ADDED ENTRY--TOPICAL TERM
Topical Term Filler
650 ## - SUBJECT ADDED ENTRY--TOPICAL TERM
Topical Term Latex
650 ## - SUBJECT ADDED ENTRY--TOPICAL TERM
Topical Term Natural rubber
650 ## - SUBJECT ADDED ENTRY--TOPICAL TERM
Topical Term Starch
700 ## - ADDED ENTRY--PERSONAL NAME
Personal name Alex R
942 ## - ADDED ENTRY ELEMENTS (KOHA)
Koha item type Bibliography STAF
Holdings
Withdrawn status Lost status Damaged status Not for loan Home library Current library Shelving location Date acquired Serial Enumeration / chronology Koha item type
      Bibliography RRII Library RRII Library Rubber technology 01/01/2021 Volume 29, Issue 2 Bibliography STAF